000 01551nam a2200325 c 4500
003 BLK
005 20180422113147.0
008 180410b bul|||||r ||||||| ||bul||
010 _aKNG00159024000
040 _aBLK
041 _aBUL
_cBUL
080 _aЗоология. Вж и 636
_b59
_x
_z59
080 _aАнглийска литература
_b821.111
_x-4
_z821.111-4
100 1 _aДаръл, Джералд
_eпърви автор
_9252585
700 1 _aГанев, Владимир Цонев
_eпрев. от англ.
_9366132
700 1 _aБерон, Петър
_eс предг. от
_gАтанасов, Петър Хаджиберович
_9380796
139 _aДаръл, Джералд
_bД 23
245 1 0 _aДиви кинозвезди
_bДокум. очерци
_cДжералд Даръл; прев. от англ. Владимир Цонев Ганев; с предг. от Петър Берон.
257 _aGBR
260 София
_bЗемиздат
_c1988
300 _a184 с.
_bс ил.
_c20 см
380 _a5
490 1 _aБиблиотека Екологичен свят
500 _aОриг. загл How to shoot an amateur naturalist / Gerald Durell - Пътешествия по повод снимането на научнопопул. филм за дивите животни.
852 _aЦб 151619
856 4 _qpdf
_u
856 4 _qpdf
_u
942 _cKNG
_n0
944 _aCR
_c02.04.2014
_l02.04.2014 - от С1,Р / 02.04.2014
_kГеновева_Генчева
944 _aED
_c03.04.2014
_l02.04.2014 - от С1,Р / 02.04.2014
_k
999 _c152537
_d152537